000 00537nam a2200205Ia 4500
005 20140402085109.0
008 140130s9999 xx 000 0 und d
020 _a9780531138953
050 _aDS 22.G45
_b.G65 2008
100 _aGoldberg, Enid
_931000
245 _cEnid Goldberg.
_aGenghis khan 13th-century mongolian tyrant /
260 _bScholastic,
_c2008.
_aUSA :
300 _a128 p. :
_bill. ;
_c20 cm.
440 _v1
_931001
521 _aG4
526 _c600
942 _cBK
_2lcc
999 _c40747
_d40747